[Event "GER-ch46 final email"]
[Site "GER email"]
[Date "2010.??.??"]
[Round "?"]
[White "Schmandt, Guenter"]
[Black "Langheld, Werner"]
[Result "1-0"]
[WhiteElo "2104"]
[BlackElo "2074"]
[PlyCount "101"]
[EventDate "2010.??.??"]
[EventType "tourn (corr)"]
[EventRounds "8"]
[EventCountry "GER"]
[SourceTitle "Corr 2015"]
[Source "ChessBase"]
[SourceDate "2015.07.17"]
[SourceVersion "1"]
[SourceVersionDate "2015.07.17"]
[SourceQuality "1"]

1. e4 e6 2. d4 d5 3. Nc3 Nf6 4. Bg5 dxe4 5. Nxe4 Be7 6. Bxf6 gxf6 7. Nf3 b6 8. Bc4 Nc6 9. Qd2 Na5 10. Bb5+ Bd7 11. Bd3 h5 12. 0-0-0 Bc6 13. Qe3 Bd5 14. Kb1 c6 15. g3 Qc7 16. Rhe1 0-0-0 17. h4 Kb8 18. a3 Bc4 19. Qe2 Bxd3 20. Rxd3 Nc4 21. Nfd2 Nxd2+ 22. Nxd2 Qd7 23. c4 f5 24. Nf3 Bf6 25. Red1 Bg7 26. d5 exd5 27. cxd5 Rhe8 28. Qd2 c5 29. Qg5 Bh8 30. R3d2 Rc8 31. Rc2 Rc6 32. Qxh5 Rd6 33. Rcd2 Bf6 34. Ng1 f4 35. Ne2 fxg3 36. fxg3 Re5 37. Qf3 Qe7 38. Rf1 Re3 39. Qg4 a6 40. Rf5 Re4 41. Qf3 Re5 42. Rxe5 Bxe5 43. Nf4 Kc7 44. Qe4 Bf6 45. Qd3 b5 46. Re2 Qd7 47. Qe3 Bd4 48. Qe4 a5 49. b4 axb4 50. axb4 Qg4 51. Qd3 1-0

[Event "GER-ch49 V1 email"]
[Site "GER email"]
[Date "2008.11.20"]
[Round "?"]
[White "Schmandt, Guenter"]
[Black "Gierth, Karlheinz"]
[Result "1/2-1/2"]
[WhiteElo "2079"]
[BlackElo "1988"]
[PlyCount "53"]
[EventDate "2008.??.??"]
[EventType "tourn (corr)"]
[EventRounds "10"]
[EventCountry "GER"]
[SourceTitle "Corr 2011"]
[Source "ChessBase"]
[SourceDate "2010.08.31"]
[SourceVersion "1"]
[SourceVersionDate "2010.08.31"]
[SourceQuality "1"]

1. e4 c6 2. d4 d5 3. e5 c5 4. Nf3 Nc6 5. dxc5 Bg4 6. Bb5 Qa5+ 7. Nc3 e6 8. Bd2 Qc7 9. Be3 Nge7 10. h3 Bxf3 11. Qxf3 0-0-0 12. Bxc6 Nxc6 13. 0-0-0 Nxe5 14. Qg3 Nc6 15. Qxc7+ Kxc7 16. Kb1 Be7 17. Nb5+ Kc8 18. f4 Rd7 19. Rd3 d4 20. Nxd4 Nb4 21. Rdd1 Bxc5 22. Nf5 Bxe3 23. Rxd7 Kxd7 24. Rd1+ Kc6 25. Nxe3 Nd5 26. Nxd5 exd5 27. Re1 1/2-1/2

[Event "GER-ch46 V3 email"]
[Site "GER email"]
[Date "2008.??.??"]
[Round "?"]
[White "Schmidt, Alfred"]
[Black "Schmandt, Guenter"]
[Result "0-1"]
[WhiteElo "1524"]
[BlackElo "2023"]
[PlyCount "54"]
[EventDate "2008.??.??"]
[EventType "tourn (corr)"]
[EventRounds "10"]
[EventCountry "GER"]
[SourceTitle "Corr 2011"]
[Source "ChessBase"]
[SourceDate "2010.08.31"]
[SourceVersion "1"]
[SourceVersionDate "2010.08.31"]
[SourceQuality "1"]

1. d4 Nf6 2. c4 e6 3. Nf3 d5 4. e3 c5 5. g3 Be7 6. Bg2 0-0 7. 0-0 cxd4 8. cxd5 dxe3 9. Bxe3 Nxd5 10. Qb3 Nc6 11. Nbd2 Nxe3 12. Qxe3 Nb4 13. Rfc1 Qd3 14. Qxd3 Nxd3 15. Rc2 Nb4 16. Rcc1 Rd8 17. a3 Nd3 18. Rc2 e5 19. Nc4 e4 20. Nfd2 f5 21. f3 Bf6 22. fxe4 Bd4+ 23. Kf1 fxe4 24. Nxe4 Bg4 25. Ned6 Rf8+ 26. Bf3 Rxf3+ 27. Kg2 Raf8 0-1

[Event "GER-chT LG-23 email"]
[Site "GER email"]
[Date "2007.10.25"]
[Round "?"]
[White "Schmandt, Guenter"]
[Black "Ripper, Manfred"]
[Result "1-0"]
[WhiteElo "2257"]
[BlackElo "2000"]
[PlyCount "93"]
[EventDate "2007.??.??"]
[EventType "tourn (corr)"]
[EventRounds "8"]
[EventCountry "GER"]
[SourceTitle "Corr 2011"]
[Source "ChessBase"]
[SourceDate "2010.08.31"]
[SourceVersion "1"]
[SourceVersionDate "2010.08.31"]
[SourceQuality "1"]

1. d4 Nf6 2. c4 g6 3. Nc3 d5 4. cxd5 Nxd5 5. e4 Nxc3 6. bxc3 Bg7 7. Bc4 c5 8. Ne2 Nc6 9. Be3 0-0 10. 0-0 Bg4 11. f3 Na5 12. Bxf7+ Rxf7 13. fxg4 Rxf1+ 14. Kxf1 cxd4 15. cxd4 e5 16. d5 Nc4 17. Qd3 b5 18. Bf2 Bf8 19. a4 a6 20. Kg1 Nb2 21. Qb3 Nxa4 22. d6+ Kh8 23. Rd1 Nb6 24. d7 Nc4 25. Nc3 Rb8 26. Na4 Be7 27. Nc5 Rb6 28. Rd5 Bd6 29. g5 Bc7 30. h4 Qe7 31. Nxa6 Rxa6 32. Qxb5 Rd6 33. Bc5 Bb6 34. Kh1 Qxd7 35. Bxd6 Qxb5 36. Rxb5 Nxd6 37. Rxb6 Nxe4 38. Re6 Kg8 39. Rxe5 Nd6 40. Kh2 Kf8 41. Kg3 Nb7 42. Kf4 Nd6 43. Re6 Nf7 44. Ke4 Kg7 45. Kd5 Kf8 46. Rc6 Ke8 47. Rc7 1-0

[Event "GER-chT LG-23 email"]
[Site "GER email"]
[Date "2007.10.25"]
[Round "?"]
[White "Vossenkuhl, Joachim"]
[Black "Schmandt, Guenter"]
[Result "1/2-1/2"]
[WhiteElo "2049"]
[BlackElo "2257"]
[PlyCount "51"]
[EventDate "2007.??.??"]
[EventType "tourn (corr)"]
[EventRounds "8"]
[EventCountry "GER"]
[SourceTitle "Corr 2011"]
[Source "ChessBase"]
[SourceDate "2010.08.31"]
[SourceVersion "1"]
[SourceVersionDate "2010.08.31"]
[SourceQuality "1"]

1. Nf3 Nf6 2. c4 c5 3. Nc3 d5 4. cxd5 Nxd5 5. d4 Nxc3 6. bxc3 cxd4 7. cxd4 e6 8. e4 Nc6 9. Bc4 Be7 10. 0-0 0-0 11. Bb2 Na5 12. Bd3 b5 13. Qe2 a6 14. Rac1 Bb7 15. Rfd1 Re8 16. Ne5 Bg5 17. Rc2 f6 18. Nf3 Bf4 19. g3 Bc7 20. Rdc1 Bb6 21. Ba3 Qd7 22. Bc5 Bxc5 23. Rxc5 Rac8 24. Qb2 Rxc5 25. Rxc5 Rc8 26. Rxc8+ 1/2-1/2

[Event "GER KF-36 Class1 B3 email"]
[Site "GER email"]
[Date "2007.??.??"]
[Round "?"]
[White "Horn, Andreas"]
[Black "Schmandt, Guenter"]
[Result "0-1"]
[WhiteElo "1875"]
[BlackElo "2023"]
[PlyCount "96"]
[EventDate "2007.??.??"]
[EventType "tourn (corr)"]
[EventRounds "6"]
[EventCountry "GER"]
[SourceTitle "Corr 2008"]
[Source "ChessBase"]
[SourceDate "2008.06.24"]
[SourceVersion "1"]
[SourceVersionDate "2008.06.24"]
[SourceQuality "1"]

1. d4 Nf6 2. c4 e6 3. Nf3 b6 4. a3 Bb7 5. Nc3 d5 6. cxd5 Nxd5 7. Qc2 Nxc3 8. Qxc3 h6 9. Bf4 Bd6 10. Ne5 Nd7 11. e3 0-0 12. Bb5 Nxe5 13. dxe5 Be7 14. Rd1 Qc8 15. Bd7 Qb8 16. 0-0 c5 17. Qc4 a6 18. e4 b5 19. Qe2 Qc7 20. Rd2 Rfd8 21. Rfd1 Bc8 22. Bxc8 Raxc8 23. Qg4 Rxd2 24. Rxd2 c4 25. Rc2 Rd8 26. h3 g5 27. h4 h5 28. Qg3 Rd1+ 29. Kh2 g4 30. Rd2 Rxd2 31. Bxd2 Qd8 32. Be3 Bxh4 33. Qf4 Qd3 34. Bc5 c3 35. bxc3 Qxc3 36. Bb4 Qd4 37. g3 Bd8 38. Bd6 Kg7 39. Bb4 a5 40. Bd2 b4 41. axb4 axb4 42. Be3 Qc4 43. Bc1 Qc2 44. Qh6+ Kg8 45. Qd2 Qxd2 46. Bxd2 Ba5 47. Be3 b3 48. Bd4 Bb6 0-1